Chính sách thuế của nhà nước trong tiến trình hội nhập
保存先:
| 第一著者: | |
|---|---|
| フォーマット: | 図書 |
| 言語: | Undetermined |
| 出版事項: |
H.
Tài Chính
2002
|
| 主題: | |
| タグ: |
タグ追加
タグなし, このレコードへの初めてのタグを付けませんか!
|
| Thư viện lưu trữ: | Trung tâm Học liệu Trường Đại học Cần Thơ |
|---|
| LEADER | 00668nam a2200205Ia 4500 | ||
|---|---|---|---|
| 001 | CTU_54488 | ||
| 008 | 210402s9999 xx 000 0 und d | ||
| 020 | |b 25000 | ||
| 082 | |a 339.525 | ||
| 082 | |b A103 | ||
| 100 | |a Lê Văn Ái | ||
| 245 | 0 | |a Chính sách thuế của nhà nước trong tiến trình hội nhập | |
| 245 | 0 | |c Lê Văn Ái, Đỗ Đức Minh và Nguyễn Mai Phương | |
| 260 | |a H. | ||
| 260 | |b Tài Chính | ||
| 260 | |c 2002 | ||
| 650 | |a taxation,macroeconomics,vietnam | ||
| 650 | |x developing countries,economic aspects | ||
| 650 | |z vietnam | ||
| 980 | |a Trung tâm Học liệu Trường Đại học Cần Thơ | ||